Catalog

Record Details

Catalog Search



Carl and the baby duck  Cover Image Book Book

Carl and the baby duck / story and pictures by Alexandra Day.

Day, Alexandra. (Author).

Record details

  • ISBN: 9780312624842 (hc)
  • Physical Description: 32 pages : color illustrations ; 24 cm.
  • Edition: 1st edition
  • Publisher: New York : Square Fish, 2011.
Subject: Carl (Fictitious character : Day) > Juvenile fiction.
Rottweiler dog > Juvenile fiction.
Ducks > Juvenile fiction.
Carl (Fictitious character : Day) > Fiction.
Rottweiler dog > Fiction.
Ducks > Fiction.
Lost and found possessions > Fiction.
Dogs > Fiction.
Ducklings > Fiction.
Helpfulness > Fiction.
Lost animals > Fiction.
Genre: Picture books.

Available copies

  • 1 of 1 copy available at scottsboropl.

Holds

  • 0 current holds with 1 total copy.
Show Only Available Copies
Location Call Number / Copy Notes Barcode Shelving Location Status Due Date
scottsboropl BR Day 32269000889652 Juvenile - Beginning Reader Available -

LDR 01198cam a2200349Ia 4500
001133949
003CONS
00520140703073308.0
008100914s2011 nyua a 000 1 eng d
020 . ‡a9780312624842 (hc)
035 . ‡a(CPomAG)LMN506224
1001 . ‡aDay, Alexandra.
24510. ‡aCarl and the baby duck / ‡cstory and pictures by Alexandra Day.
250 . ‡a1st edition
260 . ‡aNew York : ‡bSquare Fish, ‡c2011.
300 . ‡a32 pages : ‡bcolor illustrations ; ‡c24 cm.
4901 . ‡aMy readers
650 0. ‡aCarl (Fictitious character : Day) ‡vJuvenile fiction.
650 0. ‡aRottweiler dog ‡vJuvenile fiction.
650 0. ‡aDucks ‡vJuvenile fiction.
650 1. ‡aCarl (Fictitious character : Day) ‡vFiction.
650 1. ‡aRottweiler dog ‡vFiction.
650 1. ‡aDucks ‡vFiction.
650 1. ‡aLost and found possessions ‡vFiction.
650 1. ‡aDogs ‡vFiction.
650 1. ‡aDucklings ‡vFiction.
650 1. ‡aHelpfulness ‡vFiction.
650 1. ‡aLost animals ‡vFiction.
655 0. ‡aPicture books.
830 0. ‡aMy readers.
959 . ‡i32269000889652 ‡lBR Day ‡aJuvenile - Easy ‡tBeginning Reader ‡g18.00
852 . ‡p32269000889652 ‡jBR Day ‡gJuvenile - Easy ‡cBeginning Reader ‡y18.00 ‡bSBPL
901 . ‡a133949 ‡bUnknown ‡c133949 ‡tbiblio

Additional Resources